[Event "Deutsche Ländermeisterschaft 2021"]
[Site "Neumünster GER"]
[Date "2021.10.06"]
[Round "7"]
[White "Haubold, Sebastian Marcel"]
[Black "Müller, Magnus"]
[Result "0-1"]
[Termination "normal"]
[Board "6.2"]
[WhiteElo "1884"]
[BlackElo "2047"]
[WhiteClock "00:07:59"]
[BlackClock "00:51:24"]
[WhiteTeam "Sachsen-Anhalt"]
[BlackTeam "Thüringen"]
[PlyCount "66"]
[WhiteFideId "16259637"]
[BlackFideId "16230060"]
[EventCountry "GER"]
[EventRounds "7"]
[EventType "team-swiss"]
[EventDate "2021.10.01"]

1. e4 {[%clk 1:30:59]} c5 {[%clk 1:30:48]} 2. Nf3 {[%clk 1:31:22]} Nc6 {[%clk
1:31:14]} 3. d4 {[%clk 1:31:42]} cxd4 {[%clk 1:31:40]} 4. Nxd4 {[%clk 1:32:04]}
Nf6 {[%clk 1:32:07]} 5. Nc3 {[%clk 1:32:22]} e5 {[%clk 1:32:32]} 6. Ndb5 {[%clk
1:32:44]} d6 {[%clk 1:32:58]} 7. Bg5 {[%clk 1:33:03]} a6 {[%clk 1:33:25]} 8.
Na3 {[%clk 1:33:25]} b5 {[%clk 1:33:53]} 9. Nd5 {[%clk 1:33:44]} Be7 {[%clk
1:34:19]} 10. Bxf6 {[%clk 1:34:05]} Bxf6 {[%clk 1:34:46]} 11. c3 {[%clk
1:34:25]} Bg5 {[%clk 1:35:12]} 12. Nc2 {[%clk 1:34:40]} Ne7 {[%clk 1:35:39]}
13. Nce3 {[%clk 1:17:57]} Bxe3 {[%clk 1:35:37]} 14. Nxe3 {[%clk 1:18:12]} O-O
{[%clk 1:36:02]} 15. a4 {[%clk 1:08:14]} Bb7 {[%clk 1:35:55]} 16. Bd3 {[%clk
1:00:02]} d5 {[%clk 1:32:55]} 17. axb5 {[%clk 0:54:27]} axb5 {[%clk 1:21:25]}
18. O-O {[%clk 0:43:41]} Rxa1 {[%clk 1:17:30]} 19. Qxa1 {[%clk 0:43:49]} dxe4
{[%clk 1:17:35]} 20. Bxb5 {[%clk 0:44:01]} Qb6 {[%clk 1:17:56]} 21. Be2 {[%clk
0:35:04]} f5 {[%clk 1:10:19]} 22. Nc4 {[%clk 0:34:00]} Qf6 {[%clk 1:02:08]} 23.
Qa7 {[%clk 0:27:32]} Bd5 {[%clk 1:01:07]} 24. Nb6 {[%clk 0:24:40]} Be6 {[%clk
1:00:53]} 25. Rd1 {[%clk 0:23:44]} f4 {[%clk 0:57:27]} 26. Rd6 {[%clk 0:20:29]}
f3 {[%clk 0:51:20]} 27. Bc4 {[%clk 0:20:40]} Qg5 {[%clk 0:50:35]} 28. g3 {[%clk
0:14:46]} Qc1+ {[%clk 0:50:33]} 29. Bf1 {[%clk 0:15:10]} Bh3 {[%clk 0:50:24]}
30. Qa2+ {[%clk 0:15:11]} Kh8 {[%clk 0:50:37]} 31. Qc4 {[%clk 0:15:31]} e3
{[%clk 0:50:35]} 32. fxe3 {[%clk 0:08:02]} f2+ {[%clk 0:51:00]} 33. Kh1 {[%clk
0:07:59]} Bxf1 {[%clk 0:51:24]} 0-1

[Event "Deutsche Ländermeisterschaft 2021"]
[Site "Neumünster GER"]
[Date "2021.10.06"]
[Round "7"]
[White "Reucker, Friedrich"]
[Black "Dietz, Kristin"]
[Result "1-0"]
[Termination "normal"]
[Board "6.3"]
[WhiteElo "2031"]
[BlackElo "1924"]
[WhiteClock "00:03:18"]
[BlackClock "00:29:09"]
[WhiteTeam "Thüringen"]
[BlackTeam "Sachsen-Anhalt"]
[PlyCount "75"]
[WhiteFideId "12993670"]
[BlackFideId "12993743"]
[EventCountry "GER"]
[EventRounds "7"]
[EventType "team-swiss"]
[EventDate "2021.10.01"]

1. d4 {[%clk 1:30:41]} Nf6 {[%clk 1:30:54]} 2. Bg5 {[%clk 1:30:42]} Ne4 {[%clk
1:29:56]} 3. h4 {[%clk 1:31:05]} c5 {[%clk 1:29:22]} 4. d5 {[%clk 1:31:34]}
Qa5+ {[%clk 1:18:04]} 5. Bd2 {[%clk 1:19:52]} Qb6 {[%clk 1:10:43]} 6. Nc3
{[%clk 1:20:01]} Nxd2 {[%clk 1:10:42]} 7. Qxd2 {[%clk 1:20:28]} g6 {[%clk
1:09:07]} 8. h5 {[%clk 1:03:18]} g5 {[%clk 1:06:37]} 9. e4 {[%clk 0:35:37]} h6
{[%clk 1:05:15]} 10. Rb1 {[%clk 0:35:22]} d6 {[%clk 1:02:54]} 11. Bb5+ {[%clk
0:21:20]} Bd7 {[%clk 1:02:19]} 12. Be2 {[%clk 0:21:29]} Bg7 {[%clk 1:00:36]}
13. Nd1 {[%clk 0:21:09]} Na6 {[%clk 1:00:12]} 14. c3 {[%clk 0:21:04]} Rc8
{[%clk 0:55:54]} 15. Ne3 {[%clk 0:20:43]} Qa5 {[%clk 0:54:07]} 16. Nf3 {[%clk
0:14:15]} Qxa2 {[%clk 0:52:36]} 17. O-O {[%clk 0:14:33]} Qa5 {[%clk 0:50:13]}
18. Ra1 {[%clk 0:13:38]} Qd8 {[%clk 0:49:04]} 19. Bxa6 {[%clk 0:12:40]} bxa6
{[%clk 0:49:29]} 20. Rfb1 {[%clk 0:09:36]} a5 {[%clk 0:48:48]} 21. b3 {[%clk
0:03:45]} O-O {[%clk 0:47:41]} 22. Ra3 {[%clk 0:03:11]} Rb8 {[%clk 0:47:43]}
23. Rba1 {[%clk 0:02:59]} Rb5 {[%clk 0:46:05]} 24. R1a2 {[%clk 0:02:50]} Qb8
{[%clk 0:44:50]} 25. Rxa5 {[%clk 0:02:08]} Rxb3 {[%clk 0:43:38]} 26. Rxa7
{[%clk 0:02:35]} Bxc3 {[%clk 0:43:15]} 27. Qc2 {[%clk 0:02:27]} Qb5 {[%clk
0:41:41]} 28. Rxd7 {[%clk 0:02:23]} Rb1+ {[%clk 0:40:41]} 29. Kh2 {[%clk
0:02:52]} g4 {[%clk 0:39:39]} 30. Qxc3 {[%clk 0:02:03]} Qxd7 {[%clk 0:34:34]}
31. Nf5 {[%clk 0:02:24]} f6 {[%clk 0:34:57]} 32. N3h4 {[%clk 0:02:45]} Kh7
{[%clk 0:31:52]} 33. Qe3 {[%clk 0:03:05]} e6 {[%clk 0:28:40]} 34. Qxh6+ {[%clk
0:03:28]} Kg8 {[%clk 0:29:05]} 35. Ng6 {[%clk 0:02:26]} Rfb8 {[%clk 0:28:26]}
36. Qh8+ {[%clk 0:02:50]} Kf7 {[%clk 0:28:48]} 37. Qg7+ {[%clk 0:03:18]} Ke8
{[%clk 0:29:09]} 38. Qf8# 1-0

[Event "Deutsche Ländermeisterschaft 2021"]
[Site "Neumünster GER"]
[Date "2021.10.06"]
[Round "7"]
[White "Pikalow, Michael"]
[Black "Nguyen, Ha Thanh"]
[Result "0-1"]
[Termination "normal"]
[Board "6.4"]
[WhiteElo "1906"]
[BlackElo "2001"]
[WhiteClock "00:02:00"]
[BlackClock "00:05:02"]
[WhiteTeam "Sachsen-Anhalt"]
[BlackTeam "Thüringen"]
[PlyCount "118"]
[WhiteFideId "16227638"]
[BlackFideId "12942154"]
[EventCountry "GER"]
[EventRounds "7"]
[EventType "team-swiss"]
[EventDate "2021.10.01"]

1. e4 {[%clk 1:30:58]} c5 {[%clk 1:30:52]} 2. Nf3 {[%clk 1:31:24]} Nc6 {[%clk
1:31:15]} 3. Nc3 {[%clk 1:31:47]} e5 {[%clk 1:31:01]} 4. Bc4 {[%clk 1:32:11]}
Be7 {[%clk 1:30:55]} 5. O-O {[%clk 1:32:31]} Nf6 {[%clk 1:30:33]} 6. d3 {[%clk
1:32:50]} h6 {[%clk 1:30:30]} 7. h3 {[%clk 1:27:36]} d6 {[%clk 1:25:53]} 8. Be3
{[%clk 1:26:02]} a6 {[%clk 1:21:38]} 9. a4 {[%clk 1:23:40]} Rb8 {[%clk
1:20:46]} 10. Qd2 {[%clk 1:17:07]} Nd4 {[%clk 1:14:10]} 11. Bxd4 {[%clk
1:10:29]} cxd4 {[%clk 1:13:30]} 12. Nd5 {[%clk 1:08:10]} O-O {[%clk 1:09:46]}
13. c3 {[%clk 1:01:13]} dxc3 {[%clk 0:59:50]} 14. bxc3 {[%clk 1:01:21]} Bd7
{[%clk 0:59:28]} 15. a5 {[%clk 0:52:04]} Kh8 {[%clk 0:50:00]} 16. Nxf6 {[%clk
0:43:42]} Bxf6 {[%clk 0:50:08]} 17. Qa2 {[%clk 0:44:01]} Qe8 {[%clk 0:39:30]}
18. Rfb1 {[%clk 0:36:47]} Bc6 {[%clk 0:35:42]} 19. Rb2 {[%clk 0:35:25]} Bd8
{[%clk 0:22:08]} 20. Bxa6 {[%clk 0:15:35]} Bc7 {[%clk 0:20:10]} 21. Bc4 {[%clk
0:15:08]} Ra8 {[%clk 0:20:20]} 22. a6 {[%clk 0:10:12]} bxa6 {[%clk 0:20:23]}
23. Bxa6 {[%clk 0:09:59]} f5 {[%clk 0:13:36]} 24. Qc4 {[%clk 0:10:13]} fxe4
{[%clk 0:13:51]} 25. dxe4 {[%clk 0:10:26]} Rf4 {[%clk 0:13:46]} 26. Re1 {[%clk
0:10:06]} d5 {[%clk 0:13:38]} 27. Qf1 {[%clk 0:08:26]} dxe4 {[%clk 0:13:32]}
28. Nh2 {[%clk 0:04:48]} Ba5 {[%clk 0:10:27]} 29. Re3 {[%clk 0:04:19]} Rb8
{[%clk 0:07:28]} 30. Qb1 {[%clk 0:03:49]} Rxb2 {[%clk 0:07:34]} 31. Qxb2 {[%clk
0:04:18]} Qd8 {[%clk 0:06:48]} 32. Qb3 {[%clk 0:02:47]} Bb6 {[%clk 0:04:55]}
33. Re2 {[%clk 0:03:12]} Ba7 {[%clk 0:04:04]} 34. Nf1 {[%clk 0:03:04]} Qf8
{[%clk 0:03:03]} 35. Qa2 {[%clk 0:02:26]} Qc5 {[%clk 0:01:31]} 36. Qc4 {[%clk
0:02:10]} Qb6 {[%clk 0:01:15]} 37. Qa2 {[%clk 0:01:22]} Qc5 {[%clk 0:01:31]}
38. Qc4 {[%clk 0:00:59]} Qb6 {[%clk 0:01:36]} 39. Ne3 {[%clk 0:00:41]} Qb1+
{[%clk 0:00:52]} 40. Kh2 {[%clk 0:01:09]} Qb6 {[%clk 0:00:54]} 41. Rd2 Bb8
{[%clk 0:11:15]} 42. Bc8 {[%clk 0:23:27]} Rf8 {[%clk 0:08:31]} 43. Bf5 {[%clk
0:22:59]} Qc7 44. Qe6 {[%clk 0:15:57]} Rf6 {[%clk 0:06:32]} 45. Nd5 {[%clk
0:15:53]} Bxd5 {[%clk 0:04:59]} 46. Qe8+ {[%clk 0:12:50]} Bg8 {[%clk 0:05:28]}
47. Rd8 {[%clk 0:12:53]} Qc4 {[%clk 0:05:31]} 48. Bxe4 {[%clk 0:13:04]} Bd6
{[%clk 0:05:16]} 49. Rc8 {[%clk 0:10:15]} Rf8 {[%clk 0:03:28]} 50. Qxf8 {[%clk
0:05:34]} Bxf8 {[%clk 0:03:47]} 51. Rxc4 {[%clk 0:06:02]} Bxc4 {[%clk 0:04:16]}
52. Kg3 {[%clk 0:06:06]} Ba3 {[%clk 0:04:30]} 53. f4 {[%clk 0:06:29]} exf4+
{[%clk 0:04:42]} 54. Kxf4 {[%clk 0:06:57]} Bb2 {[%clk 0:05:05]} 55. h4 {[%clk
0:07:02]} Bxc3 {[%clk 0:05:25]} 56. h5 {[%clk 0:07:19]} Kg8 {[%clk 0:05:39]}
57. Bf3 {[%clk 0:07:06]} Kf7 {[%clk 0:05:57]} 58. Bg4 {[%clk 0:02:16]} Kf6
{[%clk 0:06:12]} 59. Bf3 {[%clk 0:02:00]} Bd2+ {[%clk 0:05:02]} 0-1

[Event "Deutsche Ländermeisterschaft 2021"]
[Site "Neumünster GER"]
[Date "2021.10.06"]
[Round "7"]
[White "Bock, Marlon"]
[Black "Pohle, Saskia"]
[Result "1/2-1/2"]
[Termination "normal"]
[Board "6.5"]
[WhiteElo "1727"]
[BlackElo "1880"]
[WhiteClock "00:14:57"]
[BlackClock "00:19:48"]
[WhiteTeam "Thüringen"]
[BlackTeam "Sachsen-Anhalt"]
[PlyCount "112"]
[WhiteFideId "16244931"]
[BlackFideId "16201604"]
[EventCountry "GER"]
[EventRounds "7"]
[EventType "team-swiss"]
[EventDate "2021.10.01"]

1. b3 {[%clk 1:30:57]} e5 {[%clk 1:30:46]} 2. Bb2 {[%clk 1:31:18]} Nc6 {[%clk
1:31:10]} 3. e3 {[%clk 1:31:25]} Nf6 {[%clk 1:31:30]} 4. c4 {[%clk 1:31:12]}
Be7 {[%clk 1:30:46]} 5. Nf3 {[%clk 1:30:23]} e4 {[%clk 1:30:14]} 6. Nd4 {[%clk
1:29:00]} Nxd4 {[%clk 1:30:15]} 7. Bxd4 {[%clk 1:28:53]} c5 {[%clk 1:29:41]} 8.
Bxf6 {[%clk 1:23:09]} Bxf6 {[%clk 1:30:02]} 9. Nc3 {[%clk 1:23:29]} b6 {[%clk
1:19:26]} 10. Qc2 {[%clk 1:20:27]} Bb7 {[%clk 1:18:53]} 11. Rd1 {[%clk
1:17:38]} Qe7 {[%clk 1:17:00]} 12. g3 {[%clk 1:15:18]} O-O {[%clk 1:16:05]} 13.
Bg2 {[%clk 1:14:23]} Bxc3 {[%clk 1:15:06]} 14. Qxc3 {[%clk 1:02:33]} d5 {[%clk
1:10:12]} 15. O-O {[%clk 0:54:06]} Rad8 {[%clk 1:08:46]} 16. d4 {[%clk
0:49:23]} Ba6 {[%clk 1:02:50]} 17. Rfe1 {[%clk 0:43:37]} cxd4 {[%clk 0:51:24]}
18. Rxd4 {[%clk 0:38:06]} Bb7 {[%clk 0:50:17]} 19. cxd5 {[%clk 0:34:03]} Bxd5
{[%clk 0:50:28]} 20. Rc1 {[%clk 0:26:47]} Rd7 {[%clk 0:44:22]} 21. Qd2 {[%clk
0:21:15]} Be6 {[%clk 0:32:26]} 22. Bxe4 {[%clk 0:18:16]} Rxd4 {[%clk 0:32:18]}
23. Qxd4 {[%clk 0:18:18]} Rd8 {[%clk 0:31:22]} 24. Qe5 {[%clk 0:15:06]} f6
{[%clk 0:27:27]} 25. Qc3 {[%clk 0:13:26]} g6 {[%clk 0:24:07]} 26. Bf3 {[%clk
0:12:24]} Rd7 {[%clk 0:17:05]} 27. h4 {[%clk 0:11:45]} h5 {[%clk 0:12:31]} 28.
Kg2 {[%clk 0:08:33]} Kg7 {[%clk 0:11:15]} 29. Qc6 {[%clk 0:05:17]} Rd2 {[%clk
0:09:02]} 30. Qc7 {[%clk 0:05:10]} Rd7 {[%clk 0:09:12]} 31. Qc6 {[%clk
0:03:57]} Rd2 {[%clk 0:08:34]} 32. Qc7 {[%clk 0:03:18]} Rd7 {[%clk 0:08:10]}
33. Qb8 {[%clk 0:02:48]} Kh7 {[%clk 0:06:06]} 34. Rc8 {[%clk 0:02:37]} Qg7
{[%clk 0:04:31]} 35. Bc6 {[%clk 0:02:23]} Rf7 {[%clk 0:02:51]} 36. Rd8 {[%clk
0:02:11]} Rc7 {[%clk 0:02:42]} 37. Rh8+ {[%clk 0:01:44]} Qxh8 {[%clk 0:03:06]}
38. Qxc7+ {[%clk 0:02:11]} Qg7 {[%clk 0:03:11]} 39. Qxg7+ {[%clk 0:01:56]} Kxg7
{[%clk 0:03:34]} 40. f4 {[%clk 0:02:05]} Kf7 {[%clk 0:02:12]} 41. e4 {[%clk
0:30:12]} Ke7 {[%clk 0:31:40]} 42. Kf2 {[%clk 0:29:16]} f5 {[%clk 0:28:04]} 43.
e5 {[%clk 0:25:31]} Bc8 {[%clk 0:27:24]} 44. b4 {[%clk 0:24:15]} Be6 {[%clk
0:26:32]} 45. a3 {[%clk 0:23:15]} Bc4 {[%clk 0:25:18]} 46. Ke3 {[%clk 0:22:44]}
Bb3 {[%clk 0:24:25]} 47. Kd4 {[%clk 0:21:25]} Bd1 {[%clk 0:23:20]} 48. a4
{[%clk 0:19:42]} Bb3 {[%clk 0:23:24]} 49. a5 {[%clk 0:18:41]} Bd1 {[%clk
0:23:33]} 50. Bb5 {[%clk 0:15:48]} Bb3 {[%clk 0:22:40]} 51. Bc4 {[%clk
0:15:13]} Bd1 {[%clk 0:22:50]} 52. Bd3 {[%clk 0:15:23]} Bb3 {[%clk 0:23:01]}
53. Be2 {[%clk 0:15:33]} Be6 {[%clk 0:19:55]} 54. Bd3 {[%clk 0:15:12]} Bb3
{[%clk 0:20:10]} 55. Bc4 {[%clk 0:15:18]} Bd1 {[%clk 0:19:39]} 56. Ba2 {[%clk
0:14:57]} Bf3 {[%clk 0:19:48]} 1/2-1/2

[Event "Deutsche Ländermeisterschaft 2021"]
[Site "Neumünster GER"]
[Date "2021.10.06"]
[Round "7"]
[White "Voigt, Anastasia"]
[Black "Aniol, Nico"]
[Result "1-0"]
[Termination "normal"]
[Board "6.6"]
[WhiteElo "1756"]
[BlackElo "1464"]
[WhiteClock "00:34:48"]
[BlackClock "00:30:50"]
[WhiteTeam "Sachsen-Anhalt"]
[BlackTeam "Thüringen"]
[PlyCount "83"]
[WhiteFideId "16235223"]
[BlackFideId "16287096"]
[EventCountry "GER"]
[EventRounds "7"]
[EventType "team-swiss"]
[EventDate "2021.10.01"]

1. e4 {[%clk 1:30:59]} c5 {[%clk 1:30:33]} 2. Nf3 {[%clk 1:31:24]} Nc6 {[%clk
1:30:45]} 3. d4 {[%clk 1:31:51]} cxd4 {[%clk 1:30:49]} 4. Nxd4 {[%clk 1:32:17]}
Nf6 {[%clk 1:30:34]} 5. Nc3 {[%clk 1:32:42]} e5 {[%clk 1:30:33]} 6. Ndb5 {[%clk
1:33:06]} d6 {[%clk 1:30:30]} 7. Na3 {[%clk 1:33:19]} a6 {[%clk 1:29:32]} 8.
Nc4 {[%clk 1:33:32]} b5 {[%clk 1:29:05]} 9. Ne3 {[%clk 1:33:55]} Be7 {[%clk
1:28:32]} 10. g3 {[%clk 1:34:11]} Be6 {[%clk 1:28:08]} 11. Bg2 {[%clk 1:33:58]}
O-O {[%clk 1:27:24]} 12. O-O {[%clk 1:34:07]} Rb8 {[%clk 1:22:00]} 13. Ncd5
{[%clk 1:32:33]} Bxd5 {[%clk 1:14:42]} 14. exd5 {[%clk 1:29:18]} Na7 {[%clk
1:10:51]} 15. a4 {[%clk 1:26:14]} bxa4 {[%clk 1:07:35]} 16. Rxa4 {[%clk
1:26:13]} Qc8 {[%clk 1:06:09]} 17. Qd3 {[%clk 1:15:16]} Nb5 {[%clk 1:05:04]}
18. c3 {[%clk 1:05:53]} Re8 {[%clk 1:00:41]} 19. Nc2 {[%clk 1:03:53]} Nd7
{[%clk 0:59:09]} 20. Be3 {[%clk 1:01:16]} Nc5 {[%clk 0:53:01]} 21. Bxc5 {[%clk
1:00:26]} dxc5 {[%clk 0:51:05]} 22. Rfa1 {[%clk 0:58:49]} Nd6 {[%clk 0:50:15]}
23. R1a2 {[%clk 0:56:42]} c4 {[%clk 0:49:31]} 24. Qd2 {[%clk 0:54:53]} Rb6
{[%clk 0:47:37]} 25. Nb4 {[%clk 0:53:58]} Nb7 {[%clk 0:46:00]} 26. Nc6 {[%clk
0:47:25]} Nc5 {[%clk 0:44:37]} 27. Nxe7+ {[%clk 0:42:23]} Rxe7 {[%clk 0:44:56]}
28. Rxc4 {[%clk 0:42:09]} g6 {[%clk 0:44:29]} 29. b4 {[%clk 0:41:23]} Qf5
{[%clk 0:43:11]} 30. Rxc5 {[%clk 0:39:41]} Rd7 {[%clk 0:42:40]} 31. Ra1 {[%clk
0:38:24]} Kg7 {[%clk 0:42:26]} 32. Qe2 {[%clk 0:37:27]} Rdd6 {[%clk 0:41:04]}
33. Qe4 {[%clk 0:36:35]} Qg5 {[%clk 0:37:32]} 34. h4 {[%clk 0:35:42]} Qf6
{[%clk 0:36:28]} 35. Re1 {[%clk 0:35:29]} Kf8 {[%clk 0:34:13]} 36. Qxe5 {[%clk
0:35:38]} Qxe5 {[%clk 0:33:57]} 37. Rxe5 {[%clk 0:36:02]} f6 {[%clk 0:34:20]}
38. Re2 {[%clk 0:35:27]} Rd7 {[%clk 0:33:44]} 39. Rc6 {[%clk 0:34:09]} Rxc6
{[%clk 0:30:50]} 40. dxc6 {[%clk 0:34:32]} Rc7 {[%clk 0:31:09]} 41. Ra2 {[%clk
0:34:27]} Ke7 {[%clk 0:30:50]} 42. Rxa6 {[%clk 0:34:48]} 1-0

[Event "Deutsche Ländermeisterschaft 2021"]
[Site "Neumünster GER"]
[Date "2021.10.06"]
[Round "7"]
[White "Eichhorn, Mathilda"]
[Black "Polzin, Gustav"]
[Result "0-1"]
[Termination "normal"]
[Board "6.7"]
[WhiteElo "1329"]
[BlackElo "1536"]
[WhiteClock "00:02:16"]
[BlackClock "00:46:12"]
[WhiteTeam "Thüringen"]
[BlackTeam "Sachsen-Anhalt"]
[PlyCount "98"]
[WhiteFideId "16242289"]
[BlackFideId "34603280"]
[EventCountry "GER"]
[EventRounds "7"]
[EventType "team-swiss"]
[EventDate "2021.10.01"]

1. e4 {[%clk 1:30:58]} c5 {[%clk 1:30:52]} 2. d4 {[%clk 1:31:03]} cxd4 {[%clk
1:31:05]} 3. c3 {[%clk 1:31:17]} dxc3 {[%clk 1:31:17]} 4. Nxc3 {[%clk 1:31:41]}
e6 {[%clk 1:30:25]} 5. Nf3 {[%clk 1:31:32]} d6 {[%clk 1:30:20]} 6. Bc4 {[%clk
1:30:57]} a6 {[%clk 1:30:18]} 7. O-O {[%clk 1:30:24]} Qc7 {[%clk 1:30:07]} 8.
Bb3 {[%clk 1:29:43]} Be7 {[%clk 1:28:40]} 9. Qe2 {[%clk 1:28:04]} Nd7 {[%clk
1:23:55]} 10. Be3 {[%clk 1:15:41]} Ngf6 {[%clk 1:18:29]} 11. Rac1 {[%clk
1:12:43]} Qb8 {[%clk 1:14:04]} 12. Rfd1 {[%clk 1:05:35]} O-O {[%clk 1:11:30]}
13. Nd4 {[%clk 0:43:04]} Nc5 {[%clk 1:01:36]} 14. Bc2 {[%clk 0:42:29]} Rd8
{[%clk 0:58:33]} 15. b4 {[%clk 0:36:13]} Ncd7 {[%clk 0:58:46]} 16. a3 {[%clk
0:34:52]} Ne5 {[%clk 0:57:17]} 17. Nf3 {[%clk 0:24:53]} b5 {[%clk 0:52:46]} 18.
Nxe5 {[%clk 0:21:43]} dxe5 {[%clk 0:52:34]} 19. Bb3 {[%clk 0:16:06]} Bb7 {[%clk
0:40:43]} 20. f3 {[%clk 0:12:23]} Rxd1+ {[%clk 0:40:07]} 21. Rxd1 {[%clk
0:11:55]} Qc7 {[%clk 0:40:28]} 22. Rc1 {[%clk 0:11:23]} Qd7 {[%clk 0:40:18]}
23. Rd1 {[%clk 0:11:03]} Qc7 {[%clk 0:39:01]} 24. Rc1 {[%clk 0:10:31]} Qd8
{[%clk 0:37:42]} 25. Rd1 {[%clk 0:09:32]} Qe8 {[%clk 0:38:08]} 26. Qb2 {[%clk
0:08:52]} Bd8 {[%clk 0:38:01]} 27. Bc5 {[%clk 0:06:57]} Bc7 {[%clk 0:36:27]}
28. Ne2 {[%clk 0:05:22]} Rd8 {[%clk 0:35:14]} 29. Rxd8 {[%clk 0:02:15]} Qxd8
{[%clk 0:35:32]} 30. Qc2 {[%clk 0:01:56]} Nd7 {[%clk 0:35:00]} 31. Kf1 {[%clk
0:01:13]} Nxc5 {[%clk 0:33:11]} 32. Qxc5 {[%clk 0:01:37]} Qd6 {[%clk 0:32:29]}
33. Qc3 {[%clk 0:00:53]} Kf8 {[%clk 0:31:34]} 34. g3 {[%clk 0:00:49]} Ke7
{[%clk 0:31:39]} 35. Qc2 {[%clk 0:01:02]} Bb6 {[%clk 0:31:38]} 36. Kg2 {[%clk
0:00:42]} Qc6 {[%clk 0:31:26]} 37. Qd2 {[%clk 0:00:38]} h6 {[%clk 0:31:17]} 38.
g4 {[%clk 0:00:43]} f5 {[%clk 0:30:47]} 39. Ng3 {[%clk 0:00:35]} f4 {[%clk
0:30:45]} 40. Ne2 {[%clk 0:00:43]} Ba7 {[%clk 0:29:24]} 41. Qd1 {[%clk
0:00:41]} Qb6 {[%clk 0:29:19]} 42. Qf1 {[%clk 0:27:49]} Qe3 {[%clk 0:58:21]}
43. Nc1 {[%clk 0:23:17]} g5 {[%clk 0:55:10]} 44. Nd3 {[%clk 0:16:09]} Kf6
{[%clk 0:52:25]} 45. Qd1 {[%clk 0:11:50]} Bd4 {[%clk 0:50:02]} 46. h3 Bxe4
{[%clk 0:45:34]} 47. fxe4 {[%clk 0:02:33]} Qg3+ {[%clk 0:45:56]} 48. Kf1 {[%clk
0:01:51]} Qg1+ {[%clk 0:45:55]} 49. Ke2 {[%clk 0:02:16]} Qg2+ {[%clk 0:46:12]}
0-1

[Event "Deutsche Ländermeisterschaft 2021"]
[Site "Neumünster GER"]
[Date "2021.10.06"]
[Round "7"]
[White "Rössling, Laura Marie"]
[Black "Blaufuß, Lena"]
[Result "0-1"]
[Termination "normal"]
[Board "6.8"]
[WhiteElo "986"]
[BlackElo "1182"]
[WhiteClock "00:45:20"]
[BlackClock "00:20:33"]
[WhiteTeam "Sachsen-Anhalt"]
[BlackTeam "Thüringen"]
[PlyCount "128"]
[WhiteFideId "16289471"]
[BlackFideId "34610642"]
[EventCountry "GER"]
[EventRounds "7"]
[EventType "team-swiss"]
[EventDate "2021.10.01"]

1. e4 {[%clk 1:30:58]} e5 {[%clk 1:30:55]} 2. Nf3 {[%clk 1:31:11]} Nc6 {[%clk
1:31:14]} 3. Bc4 {[%clk 1:31:22]} Nf6 {[%clk 1:31:35]} 4. d4 {[%clk 1:31:02]}
exd4 {[%clk 1:30:25]} 5. Ng5 {[%clk 1:30:55]} d5 {[%clk 1:27:29]} 6. exd5
{[%clk 1:28:26]} Nxd5 {[%clk 1:24:38]} 7. Qe2+ {[%clk 1:18:28]} Be7 {[%clk
1:19:29]} 8. Nxf7 {[%clk 1:14:14]} Kxf7 {[%clk 1:15:46]} 9. Qf3+ {[%clk
1:13:42]} Bf6 {[%clk 1:10:15]} 10. Bxd5+ {[%clk 1:13:24]} Be6 {[%clk 1:07:51]}
11. Bxe6+ {[%clk 1:10:42]} Kxe6 12. O-O {[%clk 1:10:43]} Ke7 {[%clk 1:01:32]}
13. Re1+ {[%clk 1:09:30]} Kf8 {[%clk 0:56:00]} 14. Qd3 {[%clk 1:04:40]} Qd6
{[%clk 0:50:26]} 15. g3 {[%clk 1:00:45]} Re8 {[%clk 0:45:14]} 16. Rxe8+ {[%clk
1:00:53]} Kxe8 {[%clk 0:45:33]} 17. Bf4 {[%clk 0:58:41]} Qd7 {[%clk 0:44:16]}
18. Nd2 {[%clk 0:57:59]} Kd8 {[%clk 0:43:04]} 19. Qb5 {[%clk 0:55:57]} Kc8
{[%clk 0:40:48]} 20. Ne4 {[%clk 0:54:58]} Be7 {[%clk 0:37:38]} 21. Bg5 {[%clk
0:52:55]} b6 {[%clk 0:32:49]} 22. Qa6+ {[%clk 0:51:29]} Kd8 {[%clk 0:31:18]}
23. Bxe7+ {[%clk 0:50:57]} Qxe7 {[%clk 0:30:48]} 24. Qb7 {[%clk 0:49:55]} Kd7
{[%clk 0:29:09]} 25. Re1 {[%clk 0:49:17]} Rf8 {[%clk 0:27:30]} 26. Qa6 {[%clk
0:45:45]} Rf5 {[%clk 0:25:52]} 27. c3 {[%clk 0:45:35]} Re5 {[%clk 0:25:11]} 28.
Qe2 {[%clk 0:41:29]} dxc3 {[%clk 0:24:54]} 29. Rd1+ {[%clk 0:40:58]} Ke8 {[%clk
0:24:01]} 30. Qc4 {[%clk 0:38:03]} Qe6 {[%clk 0:20:44]} 31. Qxe6+ {[%clk
0:37:29]} Rxe6 {[%clk 0:20:55]} 32. f3 {[%clk 0:37:51]} cxb2 {[%clk 0:20:37]}
33. Rb1 {[%clk 0:38:01]} Nd4 {[%clk 0:20:10]} 34. Kf2 {[%clk 0:38:11]} Rh6
{[%clk 0:18:43]} 35. h4 {[%clk 0:38:03]} Rc6 {[%clk 0:18:46]} 36. Ke3 {[%clk
0:37:13]} Nc2+ {[%clk 0:18:38]} 37. Kd2 {[%clk 0:37:08]} Nb4 {[%clk 0:18:23]}
38. Rxb2 {[%clk 0:36:43]} a5 {[%clk 0:16:49]} 39. Kd1 {[%clk 0:35:14]} Nd3
{[%clk 0:13:26]} 40. Rb1 {[%clk 0:31:24]} Ne5 {[%clk 0:12:14]} 41. f4 {[%clk
0:30:46]} Ng4 {[%clk 0:08:32]} 42. Ke2 {[%clk 0:23:42]} Rc2+ {[%clk 0:05:20]}
43. Kd1 {[%clk 0:21:14]} Rxa2 {[%clk 0:03:42]} 44. Rc1 {[%clk 0:18:35]} Kd8
{[%clk 0:01:26]} 45. Ke1 {[%clk 0:18:24]} a4 {[%clk 0:00:36]} 46. Rd1+ {[%clk
0:18:29]} Kc8 {[%clk 0:30:13]} 47. Ng5 {[%clk 0:48:49]} h5 {[%clk 0:29:21]} 48.
Ne6 {[%clk 0:46:37]} a3 {[%clk 0:27:00]} 49. Rd8+ {[%clk 0:46:48]} Kb7 {[%clk
0:27:01]} 50. Kd1 {[%clk 0:44:02]} Rg2 {[%clk 0:26:04]} 51. Kc1 {[%clk
0:43:43]} a2 {[%clk 0:26:00]} 52. Rd2 {[%clk 0:43:35]} a1=Q+ {[%clk 0:25:52]}
53. Kc2 {[%clk 0:43:58]} Qa2+ {[%clk 0:25:38]} 54. Kc3 {[%clk 0:44:19]} Qxd2+
{[%clk 0:25:07]} 55. Kc4 {[%clk 0:44:38]} Qd6 {[%clk 0:23:35]} 56. Nd4 {[%clk
0:44:45]} Rd2 {[%clk 0:22:16]} 57. Nb5 {[%clk 0:44:42]} Qc5+ {[%clk 0:21:34]}
58. Kb3 {[%clk 0:44:41]} Qxb5+ {[%clk 0:21:29]} 59. Kc3 {[%clk 0:44:55]} Qd5
{[%clk 0:20:35]} 60. f5 {[%clk 0:44:47]} Rd1 {[%clk 0:20:45]} 61. Kc2 {[%clk
0:44:51]} Qd3+ {[%clk 0:20:10]} 62. Kb2 {[%clk 0:44:54]} Rd2+ {[%clk 0:20:17]}
63. Kc1 {[%clk 0:45:15]} Rh2 {[%clk 0:20:33]} 64. f6 {[%clk 0:45:20]} Qf1# 0-1